Statistics for Countries with the Most Jews

Click here to take the quiz!

General Stats

  • This quiz has been taken 259 times
  • The average score is 16 of 20

Answer Stats

HintCountry% Correct
6.5MIsrael
99%
73.6%Israel
99%
1.8%United States
98%
5.7MUnited States
98%
290KUnited Kingdom
96%
0.4%United Kingdom
96%
0.7%France
94%
456KFrance
94%
390KCanada
91%
1.1%Canada
91%
117KGermany
91%
176KRussia
89%
113KAustralia
78%
0.5%Australia
78%
94KBrazil
76%
181KArgentina
72%
0.4%Argentina
72%
0.3%Belgium
52%
0.5%Hungary
43%
0.5%Uruguay
30%

Score Distribution

Percentile by Number Answered

Percent of People with Each Score

Your Score History

You have not taken this quiz